Turning priorities into feasible programs (Record no. 60511)

MARC details
000 -LEADER
fixed length control field 00659nam a2200169 a 4500
008 - FIXED-LENGTH DATA ELEMENTS--GENERAL INFORMATION
fixed length control field 120416s1996 ||||||||||||||||| || u
050 ## - LIBRARY OF CONGRESS CALL NUMBER
Classification number CAT(02)96
100 ## - MAIN ENTRY--PERSONAL NAME
Personal name Komen, John
245 10 - TITLE STATEMENT
Title Turning priorities into feasible programs
246 ## - VARYING FORM OF TITLE
Title proper/short title proceedings of a policy seminar on agricultural biotechnology for East and Southern Africa.Southern
260 ## - PUBLICATION, DISTRIBUTION, ETC.
Place of publication, distribution, etc. The Hague
Name of publisher, distributor, etc. Intermediary biotechnology Service
Date of publication, distribution, etc. 1996
300 ## - PHYSICAL DESCRIPTION
Extent vii,179p. : ill.
350 ## - PRICE (NR) (BK AM CF MU VM SE) [OBSOLETE]
Price 0.00
700 ## - ADDED ENTRY--PERSONAL NAME
Personal name Cohen, Joel
700 ## - ADDED ENTRY--PERSONAL NAME
Personal name Ofir, Zenda
995 ## - RECOMMENDATION 995 [LOCAL, UNIMARC FRANCE]
-- 0.00
-- CBU-MAIN LIBRARY (Kitwe)
-- 1
-- 0.00
-- AVAILABLE
-- International Publications
Holdings
Withdrawn status Lost status Source of classification or shelving scheme Damaged status Not for loan Home library Current library Shelving location Date acquired Total Checkouts Full call number Barcode Date last seen Price effective from Koha item type
          CBU-MAIN LIBRARY, KITWE. CBU-MAIN LIBRARY, KITWE.   11/30/2022   CAT(02)96 9003108 11/30/2022 11/30/2022 MONOGRAPH